| 000 | 01195cam a22001934a 4500 | ||
|---|---|---|---|
| 005 | 20250605164111.0 | ||
| 008 | 250528s ||||||||||||||||||||||||d | ||
| 035 | _a17903 | ||
| 020 | _a43300494 | ||
| 040 |
_aGR-AtMCL _bgre _dGR-AtMCL _eAACR2 |
||
| 245 | 1 | _aDevelopment Planning / The Essentials of Economic Policy | |
| 260 |
_bGeorge Allen & Unwin Ltd, _c1966 |
||
| 300 | _a280 | ||
| 520 | _aThis book will be most widely read and, on account of the simple lucidity and humor of its style, most widely enjoyed. Preface, Patterns of Planning, Plan Strategy, Interdependence, Foreign Trade, Capital Intensity, Regional Balance, Unemployment, The Distribution of Income, Public Expenditure, Taxes and Savings, Inflation, Foreign Aid The Arithmetic of Planning, The Plan Period, The Rate of Growth, Projecting Financial Resources, Overall Commodity Balance, Linear Programming, The Capital Budget, The Manpower Budget, The Government Budget, Retrospect, The Planning Process, The Planning Agency, Planning Committees, Federal Planning, Preparing Projects, The Annual Plan, The Private Sector, Index. | ||
| 700 | 1 |
_aLewis Arthur W _94204 |
|
| 942 | _cBK | ||
| 999 |
_c3302 _d3302 |
||